000 00745nam a2200253Ia 4500
003 OSt
005 20220928120807.0
006 a|||||r|||| 00| 0
007 ta
008 220927b |||||||| |||| 00| 0 eng d
024 _a32246
037 _cTextual
040 _aSDCL
_cSDCL
_beng
041 _2eng
_aeng
082 _aLX3, P0
100 _aMycek Mary J
_9451175
245 0 _aLippincott's illustrated reviews
_b Pharmacology.
260 _aPhiladelphia
_bLippincott Williams & Wilkins
_c2000
300 _axii,514p.
_ccm.
700 _a Champe Pamela C
_9438309
700 _a Harvey Richard A
_9427715
942 _hLX3, P0
_cTEXL
_2CC
999 _c765275
_d765275